| 000 | 00672nam a2200205 a 4500 | ||
|---|---|---|---|
| 001 | BRCA_159 | ||
| 005 | 20190320202915.0 | ||
| 008 | 920602s1991 mx-a---##b---#001-0#spa-# | ||
| 020 | _a968715318 | ||
| 040 |
_aDLC _cDLC _dDLC |
||
| 050 | 4 |
_aF1210 _b.A69 1991 |
|
| 100 | 1 |
_aÁlvarez, José Rogelio _d1922- _9613 |
|
| 245 | 1 | 0 |
_aSumma mexicana _bel gran libro sobre México _cpor José Rogelio Álvarez ; diseño y realización Beatrice Trueblood. |
| 260 |
_a[México] _bBancomer _c[c1991] |
||
| 300 |
_a252 p. _bil. (algunas a color) _c33 cm. |
||
| 504 | _aBibliografía: p. 249-250 | ||
| 651 | 4 |
_aMéxico _xHistoria _9614 |
|
| 700 | 1 |
_aTrueblood, Beatrice _9615 |
|
| 942 |
_2lcc _cB |
||
| 999 |
_c138 _d138 |
||